LEADER 01144nam a2200265 u 4500 001 000000011200 003 CaOOAMICUS 005 20070226105412.0 008 940516s1950 it u000 u ita u 035 $a10275568 040 $aPUL(R)$bita 100 1 $aBianca, Giuseppe.$0(OLS)http://pul/name/10828 245 13$aLa credenza come fondamento dell'attivitŕ pratica in Locke e in Hume /$cGiuseppe Bianca. 260 $aPadova :$bCEDAM,$c1950. 300 $a230 p. ;$c26 cm 490 1 $aIl pensiero moderno.$a1a ser. ;$v1 600 14$aLocke, John,$d1632-1704.$0(OLS)http://pul/subject/17381 600 14$aHume, David,$d1711-1776.$0(OLS)http://pul/subject/4825 830 3$aIl pensiero moderno.$n1a ser. ;$v1.$0(OLS)http://pul/title/16263 850 $aPUL 852 $aPUL$W1$xDP1 Cons. Gen., Altre Classi 1$y22$m921 B 5$j15868$nBK-PRI$b $qStampati$B15868$CPULBib$Z2$F15868 $H $81 941 1 $a8 961 $aINV: 14726 996 $6245$aLa credenza come fondamento dell'attivitŕ pratica in Locke e in Hume$9(OLS)http://pul/title/16262 996 $6260$aPadova :$bCEDAM$9(OLS)http://pul/publisher/48126 LEADER 00986nam a2200229 u 4500 001 000000079125 003 CaOOAMICUS 005 20070226123514.0 008 040526s1964 gw u000 u ger u 035 $a10996830 040 $aPUL$bita 100 1 $aSiewerth, Gustav.$0(OLS)http://pul/name/34034 245 10$aWagnis und Bewahrung :$bzur metaphysischen Begründung des erzieherischen Auftrages /$cGustav Siewerth. 250 $a2., unver. Aufl. 260 $aEinsiedeln :$bJohannes Verlag,$c1964. 300 $a413 p. ;$c22 cm 650 4$aFilosofia e religione.$0(OLS)http://pul/subject/2646 850 $aPUL 852 $aPUL$W1$xSL Filosofia 3$y81$m107 SIEGU 1$j120168$nBK-PRI$qDDC 21$q $B101326$CPULBib$Z2$F101326 $H88786 $81 941 1 $a9 996 $6245$aWagnis und Bewahrung :$bzur metaphysischen Begründung des erzieherischen Auftrages$9(OLS)http://pul/title/103574 996 $6260$aEinsiedeln :$bJohannes Verlag$9(OLS)http://pul/publisher/66113